000 00726nam a2200253 a 4500
001 nice12345678
003 IN_TiNIC
005 20260116013733.0
008 050524s1996 alba grp 000 0 eng
020 _a0791437
_c1137.7
082 0 0 _a297.0953
_bABU
100 _aAbu-Rabi, Ibrahim M
245 _aIntellectual Origins of Islamic Resurgence in the Modern Arab World.
260 _aAlbany
_bState University of New York
_c1996
300 _a370p.
500 _aincludes index and biblioraphy
505 2 _aGlossary, Appendix and Bibliography
650 _aIslam-Arab Countries
650 _aIslam-20th Century
700 1 _aAbu-Rabi, Ibrahim M
902 _bSRS
942 _cBK
999 _c12230
_d12230